| 000 | 00000nam##2200000za#4500 |
| 001 | 9.651974 |
| 003 | CaOODSP |
| 005 | 20210615115329 |
| 007 | ta |
| 008 | 150407|2010||||xxc||||| f|0| 0 eng|d |
| 020 | |a978-0-660-19974-0 |
| 040 | |aCaOODSP|beng |
| 043 | |an-cn--- |
| 086 | 1 |aCP32-92/2-2010E |
| 110 | 1 |aCanada.|bPrivy Council. |
| 245 | 10|aCommission of Inquiry into Certain Allegations Respecting Business and Financial Dealings Between Karlheinz Schreiber and the Right Honourable Brian Mulroney - report / |cThe Honourable Jeffrey J. Oliphant, Commissioner. |
| 260 | |aOttawa - Ontario : |bPrivy Council |cc2010. |
| 300 | |aIn 2 v. (xx, 400p ; xii, p. 401-782). : |bfigs., tables ; |c25 cm. |
| 500 | |aIncludes two volumes: Volume 2, Factual inquiry.--Volume 3, Policy and consolidated findings and recommendations. |
| 563 | |aSoftcover |
| 590 | |a10-22|b2010-06-04 |
| 775 | 08|tCommission d'enquête concernant les allégations au sujet des transactions financières et commerciales entre Karlheinz Schreiber et le Très honorable Brian Mulroney - rapport / |w(CaOODSP)9.684964 |
| 776 | 0#|tCommission of Inquiry into Certain Allegations Respecting Business and Financial Dealings Between Karlheinz Schreiber and the Right Honourable Brian Mulroney - report / |w(CaOODSP)9.693369 |